Simple singularities and simple algebraic groups

Kaydedildi:
Detaylı Bibliyografya
Yazar: Slodowy, Peter (Yazar)
Materyal Türü: Kitap
Dil:İngilizce
Baskı/Yayın Bilgisi: Berlín Springer-Verlag 1980
Seri Bilgileri:Lecture Notes in Mathematics, 815
Konular:
Etiketler: Etiketle
Etiket eklenmemiş, İlk siz ekleyin!

MARC

LEADER 00000nam a2200000 a 4500
001 UCQ8970
003 CL-VaPUC
008 981217e19800000GW |||||||||||||||||eng|d
082 0 4 |a 512.2  |b SLO  |2 21 
100 0 |a Slodowy, Peter  |e author  |9 423325 
245 1 0 |a Simple singularities and simple algebraic groups 
300 |a 175 p 
942 |c BK 
945 |d 19981217 00:00:00  |a crobeson 
260 |a Berlín  |b Springer-Verlag  |c 1980 
650 0 |a Grupos algebraicos   |9 422272 
650 0 |a Grupos finitos  |9 270201 
650 0 |a Teoría de grupos   |9 270028 
650 0 |a Álgebra de Lie  |9 271226 
583 |a last modification  |c 19981217 00:00:00  |k Rodrigo Vera 
490 0 |a Lecture Notes in Mathematics, 815 
999 |c 278134  |d 278132 
952 |0 0  |1 0  |4 0  |6 512_200000000000000_SLO_1980  |7 0  |8 A  |9 316513  |a BIBMAT  |b BIBMAT  |d 2019-11-20  |i 1310569  |o 512.2 SLO 1980  |p 1310569  |r 2025-01-07  |w 2019-11-20  |y BK  |k MAT